Umfrage : einfuhrung in die methoden der umfrageforschung /

Bibliographic Details
Main Authors: Jacob, Rudiger, (Author), Heinz, Andreas, (Author), Decieux, Jean Philippe, (Author)
Format: eBook
Language:German
Published: Munich, Germany : Oldenbourg Verlag, 2013.
Edition:3., uberarbeitete Auflage.
Subjects:
Online Access:Click to View
LEADER 01927nam a2200457 i 4500
001 EBC1634480
003 MiAaPQ
005 20200520144314.0
006 m o d |
007 cr cnu||||||||
008 140606t20132013gw a ob 001 0 ger d
020 |z 9783486714982 
020 |a 9783486736175  |q (electronic bk.) 
035 |a (MiAaPQ)EBC1634480 
035 |a (Au-PeEL)EBL1634480 
035 |a (CaPaEBR)ebr10874778 
035 |a (CaONFJC)MIL610303 
035 |a (OCoLC)879550883 
040 |a MiAaPQ  |b eng  |e rda  |e pn  |c MiAaPQ  |d MiAaPQ 
050 4 |a HN29  |b .J336 2013 
082 0 |a 300.723  |2 23 
100 1 |a Jacob, Rudiger,  |e author. 
245 1 0 |a Umfrage :  |b einfuhrung in die methoden der umfrageforschung /  |c von Rudiger Jacob, Andreas Heinz, Jean Philippe Decieux. 
250 |a 3., uberarbeitete Auflage. 
264 1 |a Munich, Germany :  |b Oldenbourg Verlag,  |c 2013. 
264 4 |c 2013 
300 |a 1 online resource (311 pages) :  |b illustrations, tables 
336 |a text  |2 rdacontent 
337 |a computer  |2 rdamedia 
338 |a online resource  |2 rdacarrier 
504 |a Includes bibliographical references and indexes. 
588 |a Description based on online resource; title from PDF title page (ebrary, viewed June 6, 2014). 
590 |a Electronic reproduction. Ann Arbor, MI : ProQuest, 2015. Available via World Wide Web. Access may be limited to ProQuest affiliated libraries. 
650 0 |a Social surveys. 
650 0 |a Surveys. 
655 4 |a Electronic books. 
700 1 |a Heinz, Andreas,  |e author. 
700 1 |a Decieux, Jean Philippe,  |e author. 
776 0 8 |i Print version:  |a Jacob, Rudiger.  |t Umfrage : einfuhrung in die methoden der umfrageforschung.  |b 3., uberarbeitete Auflage.  |d Munich, Germany : Oldenbourg Verlag, c2013   |h xv, 295 pages   |z 9783486714982 
797 2 |a ProQuest (Firm) 
856 4 0 |u https://ebookcentral.proquest.com/lib/matrademy/detail.action?docID=1634480  |z Click to View